000 00622nam a2200241Ia 4500
003 OSt
005 20221005070303.0
006 a|||||r|||| 00| 0
007 ta
008 221004b |||||||| |||| 00| 0 eng d
024 _a103790
037 _cTextual
040 _aCRL
_cCRL
_beng
041 _2eng
_aeng
082 _aA:(P), P1
100 _aDua Hans R
245 0 _aScience policy education and language planning
260 _aMysore
_bYashoda Publications
_c2001
500 _aDSK Collection
650 _aSCIENCE
942 _hA:(P), P1
_cTEXL
_2cc
999 _c975989
_d975989